00620 2200217 4500001002100000005001500021035002000036007000300056008004100059020001800100082001200118084001800130100001700148245002200165260003500187500012000222650002700342856001700369990000800386990000800394INLIS00000000000027820220329091606 a0010-0322000076ta220329 g 0 ind  a9789796624034 a297.215 a297.215 ROS m0 aRosid Kusnan1 aMengenal Malaikat aKlaten :bCempaka Putih,c2008 aBerisi informasi tentang malaikat Allah yang meliputi pengertian malaikat, jumlah malaikat, nama dan tugas malaikat 4aMalaikat Menurut Islam aKoleksi Umum a732 a733